MARC

LEADER 00000nam0a2200000 4500
001 311219
005 20231102002350.0
020 |a RU  |b 82-23495 
035 |a (RuTPU)RU\TPU\book\336576 
090 |a 311219 
100 |a 20151204d1981 k y0rusy5003 ca 
101 0 |a rus 
102 |a RU 
105 |a a z 001zy 
200 1 |a Актуальные проблемы управления и планирования в химической промышленности и химическом машиностроении  |e межвузовский сборник  |f Московский институт химического машиностроения ; под ред. С. В. Реутова 
210 |a Москва  |c Изд-во МИХМ  |d 1981 
215 |a 164 с.  |c ил. 
320 |a Библиография в конце статей 
606 1 |a Химическая промышленность,предприятия  |x Управление  |2 stltpush  |3 (RuTPU)RU\TPU\subj\30903  |9 53916 
610 1 |a планирование 
610 1 |a химическое машиностроение 
610 1 |a общественное производство 
610 1 |a экономическая эффективность 
610 1 |a интенсификация 
610 1 |a основные фонды 
610 1 |a производственные мощности 
610 1 |a оптимизация 
675 |a 66:658  |z rus  |v 3 
702 1 |a Реутов  |b С. В.  |4 340 
712 0 2 |a Московский институт химического машиностроения  |2 stltpush  |3 (RuTPU)RU\TPU\col\7881 
801 0 |a RU  |b RuMRKP  |c 19950704  |g psbo 
801 1 |a RU  |b 63413507  |c 20151204 
801 2 |a RU  |b 63413507  |c 20180921  |g RCR 
942 |c BK